Quizzes
Events
Quiz Creation
Community
Videos
Private Events
Remove Ads
Sign In
Join for FREE
Feedback
Dark Mode
Quiz Categories
Sports
Geography
Music
Movies
Television
Just For Fun
Miscellaneous
History
Literature
Language
Science
Gaming
Entertainment
Religion
Holiday
For Kids
Quiz Lab
Recent
Popular Today
Quiz Kudos Today
Editor Picks
Curator Picks
Quizzes by...
Day
Popularity
Type
Ratings
Length
Year
Community
Subscriptions
Recent Discussions
Orange Saloon
Badges
Playlists
Quests
Create
Leaderboards
Showdown
Live 5
Trivia Bingo
Activity
Puzzle Library
Sporcle Events
Private Events
Virtual Trivia
Globe League
Become a Host
Pub Owners
SporcleCon
Opinionation
Our Games
Videos
Blog
Mobile Apps
Partnerships
Remove Ads and Go Orange
Feedback
Literature
Harry Potter
A Song of Ice and Fire
The Hunger Games
Literary Character
Shakespeare
Book
Author
Novel
Poem
Young Adult
Children's Books
Play
Lord of the Rings
Literature
Harry Potter
A Song of Ice and Fire
The Hunger Games
Literary Character
Shakespeare
Book
Author
Novel
Poem
Young Adult
Children's Books
Play
Lord of the Rings
Random Quiz
Search Sporcle
×
Curator Pick
Curator Pick
Literature
Literary Character
Type in answers that appear in a list
Type in answers that appear in a list
Classic
Best Score? Go Orange.
The Fault in Our Stars Characters Stats
Can you name the The Fault in Our Stars characters?
By
vgm1843
4m
26 Questions
2,409 Plays
2,409 Plays
2,409 Plays
Comments
Comments
Give Quiz Kudos
Give Quiz Kudos
-
- Ratings
hide this ad
More Info
Replay
Link that replays current quiz
Next Quiz
Link to next quiz in quiz playlist
You Got
0%
They Got
Avg Score
34%
Avg Friend Score
Upgrade to see
Score Distribution
Jump to the score distribution portion of the page
Score
0/26
Timer
04:00
0
Plays Today
Mentions
Names
% Correct
454
Augustus Waters
98%
141
Mom
89.1%
134
Isaac
86%
123
Hazel Grace Lancaster
79.7%
93
Peter Van Houten
68.8%
27
Mark Waters
60.7%
87
Dad
53.5%
15
Monica
48.7%
19
Cindy Waters
48.4%
25
Kaitlyn
39.3%
58
Lidewij Vliegenthart
33.7%
19
Dr. Maria
33.2%
24
Patrick
31.5%
Mentions
Names
% Correct
6
Julie
25.3%
15
Caroline Mathers
21.1%
5
Jackie
9.5%
5
Michael
9%
11
Lida
8.5%
3
Graham
7.6%
4
Alison
7.1%
7
Dr. Simons
6.3%
3
Martha
6.1%
2
Regular Dr. Jim
5.7%
2
Dave
4.4%
2
Derek
3.5%
2
Alisa
3.3%
Quiz Playlist
Details
Report
Send in Message
Add To Playlist
More Info:
List the characters from The Fault in Our Stars by John Green by number of mentions by name. (Characters mentioned only once are not included).
Classic:
Type in answers that appear in a list
Last Updated: Feb 16, 2017
Curator Pick in
Literary Character
Quiz Scoreboard
CHALLENGE
Sign Up to Join the Scoreboard
Show All
Scores
Hide
Comments
May contain spoilers
Recently Published
9x9 Crossword: Cartoon Network
by jackfrog10
Miscellaneous
3m
College Basketball Coaching Resumes
by pancakes188
Sports
9m
Billboard Blitz: Fleetwood Mac
by CooCooCachoo
Music
15s
More to Explore
Quiz From the Vault
Featured Blog Post
Where Did the Easter Bunny Come From?
hide this ad
You Might Also Like...
Tags
Literary Character Quiz
Young Adult Quiz
Cancer
Character
John Green
name
The Fault In Our Stars
Today's Top Quizzes in Literature
Browse Literature
hide this ad
Today's Top Quizzes in Literary Character
Browse Literary Character
Top Contributed Quizzes in Literature
1
Sneaky Slytherin Logic Puzzle
2
Get The Picture: Black or White Literature
3
5-to-1: Plays
4
A Court of Thorns and Roses (ACoTaR) Logic Puzzle
5
One Thing in Common: Literature
6
One Thing in Common: Literature 3
7
One Thing in Common: Literature II
8
One Thing in Common: Books
9
Literary Siblings Odd One Out III
10
Harry Potter Neighbourly Logic Puzzle #1
Explore More
Trending Topics
Harry Potter
Anime
Marvel
Crossword
NBA
Kpop
Disney
Song
Soccer
WWE
Pokémon
Country
NFL
The Office
Puzzle
hide this ad
More By:
vgm1843
Quiz
Plays
Rating
Category
Featured
Created
The Fault In Our Stars Quotes
2,637
3.20
Literature
Jun 11, 2013
The Fault in Our Stars Characters
2,409
3.60
Literature
Jun 11, 2013
Go to Creator's Profile
Score Distribution
Quiz Creator Spotlight
vgm1843
Follow
Send a Message
Quizzes Created
-
Created Quiz Play Count
-
More By This Creator
Popular Quizzes Today
1
Find the US States - No Outlines Minefield
2
Find the Countries of Europe - No Outlines Minefield
3
The Countries of the World
4
Find the US States
5
Risky Map Clicking: Biggest States A-Z
6
US States
7
Popular People in 1961
8
Movies - When Are They Set?
More Literature Quizzes
Invisible Shakespeare Plays
Published
Trending Quizzes
Risky Map Clicking: Least Populous States A-Z
1-10 Letter G Words
1-10 Letter F Words
Risky Map Clicking: Next State Alphabetically
Adjectives in 80s TV Shows
Recently Updated
Leaping Animals
pecheneg
Reality TV Shows (A-Z)
bhenderson79
Rickey Henderson's Hall of Fame Teammates
pecheneg
Champions League XIs: Arsenal
pecheneg
Quick Pick: Celebrities in WWE's Hall of Fame
aduchscher
A-Z Keypad Blitz II
pecheneg
Multiple Oscar Actors
pecheneg
Mystery Phrase Blitz: Oscar 'Best Actors'
pecheneg
F. Scott Fitzgerald Novels
LTH
Pick 3 Villains
ddd62291
Trending Topics
Marvel
Disney
Kpop
Harry Potter
Anime
Crossword
NBA
The Office
Country
Pokémon
Soccer
NFL
Song
WWE
Puzzle
Your Account Isn't Verified!
In order to create a playlist on Sporcle, you need to verify the email address you used during registration. Go to your
Sporcle Settings
to finish the process.
Report this User
Report this user for behavior that violates our
Community Guidelines
.
Details:
Send Report
Go to the Sporcle.com Mobile Site →
Comments